Catálogo
 En Linea

Sobre la jurisdicción constitucional. / (Registro nro. 51847)

Detalles MARC
000 -CABECERA
campo de control de longitud fija 01850nam a2200337 a 4500
003 - IDENTIFICADOR DEL NÚMERO DE CONTROL
campo de control DO-SdBNP
005 - FECHA Y HORA DE LA ÚLTIMA TRANSACCIÓN
campo de control 20250120115839.0
007 - CAMPO FIJO DE DESCRIPCIÓN FÍSICA--INFORMACIÓN GENERAL
campo de control de longitud fija ta
008 - DATOS DE LONGITUD FIJA--INFORMACIÓN GENERAL
campo de control de longitud fija 220530e20182017dr ao||fr|||| 001 e spa d
020 ## - NÚMERO INTERNACIONAL ESTÁNDAR DEL LIBRO
Número Internacional Estándar del Libro 9789945610123
040 ## - FUENTE DE LA CATALOGACIÓN
Centro catalogador/agencia de origen DO-SdBNP
Lengua de catalogación spa
Centro/agencia transcriptor BNPHU
082 #4 - NÚMERO DE LA CLASIFICACIÓN DECIMAL DEWEY
Número de edición 22
Número de documento/Ítem K29s 2018
100 1# - ENTRADA PRINCIPAL--NOMBRE DE PERSONA
9 (RLIN) 33627
Nombre de persona Kelsen, Hans,
Fechas asociadas al nombre 1881-1973
245 10 - MENCIÓN DE TÍTULO
Título Sobre la jurisdicción constitucional. /
Mención de responsabilidad, etc. Hans Kelsen; Prólogo, Luis Cervantes Liñán, Hermógenes Acosta de Los Santos; Editior, Domingo García Belaunde; Traductor; Rolando Tamayo y Salmorán.. [et. al].
260 ## - PUBLICACIÓN, DISTRIBUCIÓN, ETC.
Lugar de publicación, distribución, etc. Santo Domingo :
Nombre del editor, distribuidor, etc. Tribunal Constitucional,
Fecha de publicación, distribución, etc. 2018
300 ## - DESCRIPCIÓN FÍSICA
Extensión 363 p. :
Otras características físicas il., fotogr. ;
Dimensiones 26 cm.
500 ## - NOTA GENERAL
Nota general Incluye bibliografía y notas al pié de páginas.
505 ## - NOTA DE CONTENIDO CON FORMATO
Título Presentación a la edición dominicana de Milton Ray Guevara.--
-- Nota Liminar a la edición dominicana de Hermógenes Acosta de Los Santos.--
-- Presentación de Domingo García Balaunde.--
-- Liminar de Luis Cervantes Liñán.--
-- Para no escribir un prólogo: Observaciones sobre Kelsen y la Jurisdicción Constitucional. /
Mención de responsabilidad Óscar Sarlo.--
Información miscelánea Primera Parte.
Título Hans Kelsen.--
Información miscelánea Segunda parte.
Título Estudios.
590 ## - NOTA LOCAL (RLIN)
Nota local Inventariado 2022 / MF
600 ## - PUNTO DE ACCESO ADICIONAL DE MATERIA--NOMBRE DE PERSONA
Nombre de persona Kelsen, Hans
Fechas asociadas al nombre 1881-1973.
Título de la obra Sobre la Jurisdicción Constitucional.
Subdivisión de forma Crítica e interpretación Constitucional.
9 (RLIN) 81734
650 #4 - PUNTO DE ACCESO ADICIONAL DE MATERIA--TÉRMINO DE MATERIA
9 (RLIN) 56229
Término de materia o nombre geográfico como elemento de entrada Derecho Constitucional
Subdivisión geográfica República Dominicana
700 10 - PUNTO DE ACCESO ADICIONAL--NOMBRE DE PERSONA
Nombre de persona Cervantes Linán, Luis
Término indicativo de función/relación pról.
9 (RLIN) 81727
700 14 - PUNTO DE ACCESO ADICIONAL--NOMBRE DE PERSONA
Nombre de persona Acosta de los Santos, Hermógenes
Término indicativo de función/relación pról.
9 (RLIN) 49375
700 #4 - PUNTO DE ACCESO ADICIONAL--NOMBRE DE PERSONA
Nombre de persona Tamayo y Salmorán, Rolando
9 (RLIN) 81728
Término indicativo de función/relación trad.
700 #4 - PUNTO DE ACCESO ADICIONAL--NOMBRE DE PERSONA
Nombre de persona García Belaunde, Domingo
Término indicativo de función/relación trad.
9 (RLIN) 81731
700 #4 - PUNTO DE ACCESO ADICIONAL--NOMBRE DE PERSONA
Nombre de persona Castillo Benites, Percy
Término indicativo de función/relación trad.
9 (RLIN) 81732
700 #4 - PUNTO DE ACCESO ADICIONAL--NOMBRE DE PERSONA
Nombre de persona García- Corrochano Moyano, Luis
Término indicativo de función/relación trad.
9 (RLIN) 81733
710 #4 - PUNTO DE ACCESO ADICIONAL--NOMBRE DE ENTIDAD CORPORATIVA
9 (RLIN) 75427
Nombre de entidad corporativa o nombre de jurisdicción como elemento de entrada Tribunal Cosntitucional de la República Dominicana
910 ## - DATOS DE OPCIÓN DEL USUARIO (OCLC)
Datos de opción del usuario MFeliz
942 ## - ELEMENTOS DE PUNTO DE ACCESO ADICIONAL (KOHA)
Fuente del sistema de clasificación o colocación Dewey Decimal Classification
Tipo de ítem Koha Libro
Existencias
Estado de retiro Estado de pérdida Fuente del sistema de clasificación o colocación Restricciones de uso No para préstamo Código de colección Localización permanente Ubicación/localización actual Ubicación en estantería Fecha de adquisición Fuente de adquisición Total de préstamos Signatura topográfica completa Código de barras Fecha visto por última vez Precio válido a partir de Tipo de ítem Koha Número de copia
    Dewey Decimal Classification Excluido de préstamo   Patrimonio Dominicano Biblioteca Nacional Pedro Henríquez Ureña Biblioteca Nacional Pedro Henríquez Ureña Depósito 14.05.2019 Depósito legal / Tribunal Constitucional   K29s 2018 2022-2488 31.05.2022 31.05.2022 Libro  
    Dewey Decimal Classification Excluido de préstamo   Patrimonio Dominicano Biblioteca Nacional Pedro Henríquez Ureña Biblioteca Nacional Pedro Henríquez Ureña Depósito 14.05.2019 Depósito legal / Tribunal Constitucional   K29s 2018 2022-2489 31.05.2022 31.05.2022 Libro e.2
    Dewey Decimal Classification Préstamo en sala   Dominicana de Servicio Biblioteca Nacional Pedro Henríquez Ureña Biblioteca Nacional Pedro Henríquez Ureña Depósito 14.05.2019 Depósito legal / Tribunal Constitucional   K29s 2018 2022-2490 31.05.2022 31.05.2022 Libro e.3

Con tecnología Koha